00350nam a22001337a 450000500170000000800410001704100250005808200120008310000260009524500310012126000120015230000270016465000250019120231114090705.0231114b |||||||| |||| 00| 0 eng d aEnglish / Afrikaans  a345 GUI lEnglish / Affrikaans  aGuide Attorneys' Services  c1987/88 b24 pages ; c30,5 cm.  aLegal practice bLaw